00518nam a2200193 a 450000100060000000300080000600500170001400800410003103500190007204000330009104100080012408200220013210000200015424500550017425000140022926000340024330000340027765000130031152662BD-RjUL20211209075836.0160925s1976 bg a 000 0 eng  a(BD-RjUL)52782 aDLCcCarPdDLCdBD-RjULbeng aeng 223a530bKAT 19761 aKalimuddin, Md.12aA text book of practical physics /cMd. Kalimuddin a[4th ed.] aDacca :bBegum Armansa,c1976 axvi, 458 p. :bill. ;c22 cm. 0aPhysics.